Statistics for Guess the flag

Click here to take the quiz!

General Stats

  • This quiz has been taken 14 times
  • The average score is 42 of 45

Answer Stats

QuestionTileSelect% Correct
which is NATONo
100%
Which is Soviet unionNo
100%
Which is UNNo
100%
Which is UNNo
100%
Which is Soviet unionYes
100%
Which is Soviet unionNo
100%
Which is Soviet unionNo
100%
Which is Soviet unionNo
100%
Which is Soviet unionNo
100%
Which is Soviet unionNo
100%
Which is Michigan?No
100%
Which is Soviet unionNo
100%
Which is Soviet unionNo
100%
which is NATONo
100%
which is NATONo
100%
which is NATONo
100%
which is NATONo
100%
which is NATONo
100%
which is NATONo
100%
Which is UNNo
100%
Which is UNNo
100%
Which is UNNo
100%
Which is EUNo
100%
Which is Michigan?No
100%
Which is Michigan?No
100%
Which is Michigan?No
100%
Which is Michigan?No
100%
Which is Michigan?No
100%
Which is UNNo
100%
Which is EUNo
100%
Which is EUNo
100%
Which is EUNo
100%
Which is EUNo
100%
Which is EUNo
100%
Which is UNYes
100%
Which is UNNo
100%
Which is EUNo
91%
which is NATOYes
91%
Which is Michigan?No
91%
Which is EUYes
73%
Which is Michigan?No
64%
Which is Michigan?Yes
55%
Which is UNNo
36%
which is NATONo
36%
Which is EUNo
27%

Score Distribution

Percentile by Number Answered

Percent of People with Each Score

Your Score History

You have not taken this quiz